| Tag |
First Indicator |
Second Indicator |
Subfields |
| LEADER |
00000cam a2200000Ma 4500 |
| 001 |
in00002785734 |
| 005 |
20210728124959.0 |
| 006 |
m o d |
| 007 |
cr cnu|||||||| |
| 008 |
121031s2012 enka ob 001 0 eng |
| 020 |
|
|
|a 1118329783
|
| 020 |
|
|
|a 1118511808
|
| 020 |
|
|
|a 9781118329788
|
| 020 |
|
|
|a 9781118511800
|
| 020 |
|
|
|a 9781118511800 (electronic bk.)
|
| 020 |
|
|
|z 9781118329788
|
| 035 |
|
|
|a (OCoLC)816318550
|
| 035 |
|
|
|a (OCoLC)ocn816318550
|
| 035 |
|
|
|a 4036944
|
| 040 |
|
|
|a AU@
|b eng
|c AU@
|d OCLCO
|d CUS
|d UIU
|d TXA
|d UtOrBLW
|
| 049 |
|
|
|a TXAM
|
| 050 |
|
4 |
|a BF39
|b .B417 2012eb
|
| 082 |
0 |
4 |
|a 150.1/5195
|2 23
|
| 100 |
1 |
|
|a Bech, Per.
|0 http://id.loc.gov/authorities/names/n82160761
|
| 240 |
1 |
0 |
|a Klinisk psykometri.
|l English
|0 http://id.loc.gov/authorities/names/n2012182705
|
| 245 |
1 |
0 |
|a Clinical psychometrics /
|c Per Bech.
|
| 250 |
|
|
|a 1st ed.
|
| 264 |
|
1 |
|a Chichester, West Sussex :
|b Wiley-Blackwell,
|c 2012.
|
| 300 |
|
|
|a 1 online resource (xi, 202 pages) :
|b illustrations
|
| 336 |
|
|
|a text
|b txt
|2 rdacontent
|
| 337 |
|
|
|a computer
|b c
|2 rdamedia
|
| 338 |
|
|
|a online resource
|b cr
|2 rdacarrier
|
| 500 |
|
|
|a Electronic resource.
|
| 504 |
|
|
|a Includes bibliographical references and index.
|
| 505 |
0 |
|
|a Classical psychometrics -- Modern psychiatry : DSM-IV/ICD-10 -- Modern dimensional psychometrics -- Modern psychometrics : item response categories and sufficient statistics -- The clinical consequences of IRT analyses : the pharmacopsychometric triangle -- The clinical consequences of IRT analyses : health-related quality of life -- The clinical consequences of IRT analyses : questionnaires as blood tests -- Summary and perspectives -- Who's carrying Einstein's baton?.
|
| 588 |
|
|
|a Description based on print version record.
|
| 650 |
1 |
2 |
|a Psychometrics
|x history.
|0 https://id.nlm.nih.gov/mesh/D011594Q000266
|
| 650 |
2 |
2 |
|a Factor Analysis, Statistical.
|0 https://id.nlm.nih.gov/mesh/D005163
|
| 650 |
2 |
2 |
|a Psychology, Clinical
|x instrumentation.
|0 https://id.nlm.nih.gov/mesh/D011586Q000295
|
| 650 |
2 |
2 |
|a Psychopharmacology.
|0 https://id.nlm.nih.gov/mesh/D011600
|
| 650 |
|
0 |
|a Psychiatry.
|0 http://id.loc.gov/authorities/subjects/sh85108381
|
| 650 |
|
0 |
|a Psychometrics.
|0 http://id.loc.gov/authorities/subjects/sh85108490
|
| 655 |
|
7 |
|a Electronic books.
|2 local
|
| 830 |
|
0 |
|a Wiley Online Library.
|
| 856 |
4 |
0 |
|u http://proxy.library.tamu.edu/login?url=https://dx.doi.org/10.1002/9781118511800
|z Connect to the full text of this electronic book
|t 0
|
| 948 |
|
|
|a cataloged
|b h
|c 2012/12/6
|d c
|e jlanham
|f 3:18:41 pm
|
| 994 |
|
|
|a C0
|b TXA
|
| 999 |
|
|
|a MARS
|
| 999 |
f |
f |
|s d72265ec-3fb2-37f3-a7e1-8c736c61bf10
|i 0d3a80d2-1846-383b-86a9-230dcaab3c64
|t 0
|
| 952 |
f |
f |
|a Texas A&M University
|b College Station
|c Electronic Resources
|d Available Online
|t 0
|e BF39 .B417 2012eb
|h Library of Congress classification
|
| 998 |
f |
f |
|a BF39 .B417 2012eb
|t 0
|l Available Online
|